Young Americans - David Bowie - Statistics

General Stats
  • This quiz has been taken 13 times
  • The average score is 7 of 8
Answer Stats
Answer % Correct
Fame
100%
Win
100%
Young Americans
100%
Right
90%
Somebody Up There Likes Me
80%
Across the Universe
70%
Fascination
70%
Can You Hear Me?
50%
No matching quizzes found
Score Distribution
Percent of People with Each Score
Percentile by Number Answered
Your Score History
You have not taken this quiz